LEADER 01377nam a2200277 4500 001 000000351210 003 CaOOAMICUS 005 20220812122553.0 008 220812s1824 it 000 u ita r 026 $eera, a.la e:a. DaL' (3) 1824 (R) 040 $aSeMil$bita 100 11$aGranelli, Giovanni,$c.$0(OLS)http://semarc/name/90216 240 10$aSedecia ultimo Re di Giuda.$0(OLS)http://semarc/title/440988 245 10$aSedecia ultimo re di Giuda e Dione siracusano tragedie di Giovanni Granelli. 264 1$aMilano :$bDalla Società Tipografica de' Classici Italiani,$c1824. 300 $aX, 208 p., [1] carta di tav. :$britr. ;$c12° 490 1 $aTeatro scelto italiano antico e moderno ;$v31 500 $aSegn.: ?? 1? 2-13? 501 $aDione siracusano 710 2 $aSocietà Tipografica de' Classici Italiani$c.$0(OLS)http://semarc/name/558 830 0$aTeatro scelto italiano antico e moderno ;$v31.$0(OLS)http://semarc/title/440982 850 $aSeMil 852 $aSeMil$W1$xVenegono$y1$m2ZA X 40 FA$j233900$B242283$CSeMilBibl$Z2$F242283 $8I 996 $6245$aSedecia ultimo re di Giuda e Dione siracusano tragedie di Giovanni Granelli$9(OLS)http://semarc/title/440986 996 $6264$aMilano :$bDalla Società Tipografica de' Classici Italiani$9(OLS)http://semarc/publisher/55789 LEADER 01005nam a2200217 i 4500 001 000000029793 003 CaOOAMICUS 005 20210531091257.0 008 180830s1976 ne u000 u und u 040 $aSeMil$bita 100 1 $aBickerman, Elias Joseph,$d<1897-1981>.$0(OLS)http://semarc/name/13601 245 10$aStudies in Jewish and Christian history /$cby Elias Bickerman. 264 1$aLeiden :$bE. J. Brill,$c1976- 300 $a3 v. ;$c25 cm. 500 $aPosseduto solo il vol. 1. 650 4$aCristianesimo e ebraismo.$0(OLS)http://semarc/subject/44782 774 0 $t1.$kArbeiten zur Geschichte des antiken Judentums und des Urchristentums$z90-04-04395-0$z90-04-04396-9$w()229162 830 0$aArbeiten zur Geschichte des antiken Judentums und des Urchristentums.$0(OLS)http://semarc/title/40505 996 $6245$aStudies in Jewish and Christian history$9(OLS)http://semarc/title/40508 996 $6264$aLeiden :$bE. J. Brill$9(OLS)http://semarc/publisher/30490